000 00398nam a2200145Ia 4500
008 230917s9999||||xx |||||||||||||| ||und||
040 _e28232
_aMAIN
041 _aEnglish
082 _a410 C454L
100 _aChomsky, Noam
245 0 _aLanguage and problems of knowledge: Managua lectures
260 _aLondon
_bThe MIT Press Cambridge Massachusetts
_c1996
300 _ax, 205 p.
942 _cBK
999 _c92325
_d92325